Island counting 1 2 3 / (Record no. 1403)

MARC details
000 -LEADER
fixed length control field 00949cam a2200301 a 4500
005 - DATE AND TIME OF LATEST TRANSACTION
control field 20230823154849.0
020 ## - INTERNATIONAL STANDARD BOOK NUMBER
International Standard Book Number 0763619604 (alk. paper)
020 ## - INTERNATIONAL STANDARD BOOK NUMBER
International Standard Book Number 9780763635183
040 ## - CATALOGING SOURCE
Original cataloging agency DLC
Transcribing agency DLC
Modifying agency DLC
Language of cataloging eng
050 00 - LIBRARY OF CONGRESS CALL NUMBER
Classification number PZ8.3.L563
Item number Is 2005
082 00 - DEWEY DECIMAL CLASSIFICATION NUMBER
Classification number [E]
Edition number 22
100 1# - MAIN ENTRY--PERSONAL NAME
Personal name Lessac, Frané.
245 10 - TITLE STATEMENT
Title Island counting 1 2 3 /
Statement of responsibility, etc. Frané Lessac.
246 3# - VARYING FORM OF TITLE
Title proper/short title Island counting one two three
250 ## - EDITION STATEMENT
Edition statement 1st ed.
260 ## - PUBLICATION, DISTRIBUTION, ETC.
Place of publication, distribution, etc. Cambridge, Mass. :
Name of publisher, distributor, etc. Candlewick Press,
Date of publication, distribution, etc. 2005.
300 ## - PHYSICAL DESCRIPTION
Extent 10 pages, 1 unnumbered page :
Other physical details color illustrations;
Dimensions 20 cm.
505 ## - FORMATTED CONTENTS NOTE
Formatted contents note F
520 ## - SUMMARY, ETC.
Summary, etc. Counts from one to ten, featuring pictures and brief rhyming text with a Caribbean island theme.
521 ## - TARGET AUDIENCE NOTE
Target audience note 370 <br/>
Source Lexile
521 ## - TARGET AUDIENCE NOTE
Target audience note F <br/>
Source Raz-Plus
650 #1 - SUBJECT ADDED ENTRY--TOPICAL TERM
Topical term or geographic name entry element Counting.
650 #1 - SUBJECT ADDED ENTRY--TOPICAL TERM
Topical term or geographic name entry element Stories in rhyme.
906 ## - LOCAL DATA ELEMENT F, LDF (RLIN)
a 7
b cbc
c orignew
d 1
e ocip
f 20
g y-gencatlg
942 ## - ADDED ENTRY ELEMENTS (KOHA)
Source of classification or shelving scheme Dewey Decimal Classification
Koha item type Books
Suppress in OPAC No
999 ## -
-- 1403
-- 1403
Holdings
Withdrawn status Lost status Source of classification or shelving scheme Damaged status Not for loan Collection Home library Current library Shelving location Date acquired Total Checkouts Full call number Barcode Date due Date last seen Date last checked out Price effective from Koha item type
    Dewey Decimal Classification     Juvenile Fiction Footprints International School Library Network Toul Kork Campus Footprints International School Library Network Toul Kork Campus TK Primary Library Room(4th Floor), Bookcase 7, Shelves 57-60, Dark Green Books 08/23/2023 4 LES Fic PZ8.L563 FISBK05296 05/12/2026 04/28/2026 04/28/2026 08/23/2023 Books